000 01920nam a2200241 i 4500
001 768714001
003 CO-MdFUSB
005 20240527105109.0
008 240527t1975 sp ||||| |||| 00| 0 spa d
040 _bspa
_cCO-MdFUSB
_dCO-MdFUSB
041 _aspa
100 _aGerest, Régis-Claude,
_d1921-2009 ‎
_eautor
245 1 3 _aEl demonio en el ambiente teológico de los cazadores de brujas :
_ba propósito de "El martillo de la brujas", obra del siglo XV
_c/ Claude Gérest ; traducido por
520 _aEn este artículo no se puede pretender reconstruir la historia del demonio a lo largo de toda la vida de la Iglesia. Vamos a fijar nuestra atención en un período, pero no al azar. El período comprendido entre el siglo XV y XVI fue el tiempo del diablo por excelencia. La demonología, que las grandes obras de la teología medieval habían tratado con toda sobriedad, se hace exuberante y se convierte en objeto de obras especializadas, entre las cuales la de mayor difusión será El martillo de las brujas (Malleus maleficarum). Esta literatura atribuye al poder diabólico una eficacia real cuasi física, mientras que la alta Edad Media la restringía al campo del prestigio y de las ilusiones». Por ejemplo, el «canon episcopi», del siglo X, es el primer documento eclesiástico que menciona los vuelos de las brujas por los aires para reunirse los sábados; pero la alusión se hace para poner en duda la realidad de tal fenómeno.
650 7 _aDemonología
_92269
650 0 _aBien y mal
_9936
650 7 _aReligión
_9385
653 _aSatán, los demonios y el satanismo
700 _etraductor
773 0 _049450
_982684
_oR2593
_tRevista internacional de teología Concilium
_w(CO-MdFUSB)8
_x0210-1041
_gVolumen 103, (marzo, 1975) páginas: 370 - 390
_qpáginas: 370
942 _cANA
945 _aCatherine Arias Álvarez - Practicante SENA
999 _c69926
_d69926